00287 2200109 4500001002100000035002000021245006500041100002000106260003300126990000900159990000900168INLIS000000000000913 a0010-1019000117 aBorn to Shop; Don't Judge a Man By His FacecA Story By Nole aA Story By Nole bPT Karya Kita, Bandungc2008 a1479 a1480